| 000 | 00000nam 22000008i 4500 |
| 001 | 9.945217 |
| 003 | CaOODSP |
| 005 | 20250120160431 |
| 006 | m o d f |
| 007 | cr cn||||||||| |
| 008 | 241115t20242024oncda obs f000 0 eng d |
| 020 | |a9780660745206 |
| 040 | |aCaOODSP|beng|erda|cCaOODSP |
| 043 | |an-cn--- |
| 086 | 1 |aCS11-627/2024-57E-PDF |
| 245 | 00|aPoverty rates of older women living in Canada. |
| 264 | 1|a[Ottawa] : |bStatistics Canada = Statistique Canada, |c[2024] |
| 264 | 4|c©2024 |
| 300 | |a1 online resource (1 unnumbered page) : |bcharts, illustrations |
| 336 | |atext|btxt|2rdacontent |
| 337 | |acomputer|bc|2rdamedia |
| 338 | |aonline resource|bcr|2rdacarrier |
| 500 | |aCaption title. |
| 500 | |aIssued also in French under title: Taux de pauvreté des femmes âgées vivant au Canada. |
| 500 | |a"Catalogue number: 11-627-M." |
| 504 | |aIncludes bibliographical references. |
| 650 | 0|aPoor women|zCanada|vStatistics. |
| 650 | 0|aPoor older people|zCanada|vStatistics. |
| 655 | 7|aStatistics|2lcgft |
| 655 | 7|aInfographics|2lcgft |
| 710 | 2 |aStatistics Canada, |eissuing body. |
| 775 | 08|tTaux de pauvreté des femmes âgées vivant au Canada.|w(CaOODSP)9.945219 |
| 856 | 40|qPDF|s2.39 MB|uhttps://publications.gc.ca/collections/collection_2025/statcan/11-627-m/11-627-m2024057-eng.pdf |
| 856 | 4 |qHTML|sN/A|uhttps://www150.statcan.gc.ca/n1/pub/11-627-m/11-627-m2024057-eng.htm |